Top 20 MLB Players of All-Time - Statistics

General Stats
  • This quiz has been taken 1,061 times
  • The average score is 14 of 20
Answer Stats
Hint Answer % Correct
Yankees/OF Babe Ruth
98%
Braves/OF Hank Aaron
91%
Giants/OF Willie Mays
90%
Yankees/1B Lou Gehrig
83%
Reds/C Johnny Bench
79%
Mariners/OF Ken Griffey, Jr
79%
Red Sox/OF Ted Williams
79%
Dodgers/2B Jackie Robinson
77%
Phillies/3B Mike Schmidt
76%
Yankees/C Yogi Berra
76%
Pirates/OF Roberto Clemente
74%
Tigers/OF Ty Cobb
73%
Roylas/3B Geroge Brett
72%
Cubs/SS Ernie Banks
65%
Pirates/SS Honus Wagner
64%
Cardinals/1B Stan Musial
63%
Reds/OF Pete Rose
61%
Twins/1B Harmon Killebrew
49%
Dodgers/C Roy Campanella
36%
Tigers/1B Hank Greenberg
27%
No matching quizzes found
Score Distribution
Percent of People with Each Score
Percentile by Number Answered
Your Score History
You have not taken this quiz